[Event "Tournament"]
[Site "masterchessopen.com Anapa (Russia)"]
[Round "0"]
[White "Bogdanovich Grigory (RUS)"]
[Black "Efimov Igor (MNC)"]
[Result "0-1"]
[WhiteElo "2337"]
[BlackElo "2430"]

1.d4 Nf6 2.c4 e6 3.Nc3 Bb4 4.e3 O-O 5.Ne2 d5 6.a3 Be7 7.cxd5 exd5 8.Ng3 c5
9.dxc5 Bxc5 10.Be2 Nc6 11.b4 Be7 12.O-O Be6 13.Bb2 d4 14.Nce4 Nxe4 15.Nxe4 Bd5
16.Qd3 f5 17.Ng3 f4 18.exf4 Rxf4 19.Nh5 Rh4 20.f4 Bf7 21.Ng3 Bd6 22.b5 Na5
23.Qxd4 Qf8 24.Ne4 Bc7 25.Nf6+ Kh8 26.Nd7 Qg8 27.Qc5 Rc8 28.Qg5 Bd8 29.Qxh4
Bxh4 30.g3 Bd8 31.Nf6 Qf8 32.Ng4 Kg8 33.Nh6+ gxh6 34.Bf3 Nb3 35.Rad1 Nd2 {#R}
0-1

[Event "Ch Hungary"]
[Site "masterchessopen.com Budapest (Hungary)"]
[Round "0"]
[White "Forintos Gyozo V (HUN)"]
[Black "Csom Istvan (HUN)"]
[Result "0-1"]
[WhiteElo "2460"]
[BlackElo "2500"]

1.d4 Nf6 2.c4 e6 3.Nc3 Bb4 4.e3 O-O 5.Ne2 d5 6.a3 Be7 7.Ng3 c5 8.dxc5 dxc4
9.Qxd8 Rxd8 10.Bxc4 Bxc5 11.b4 Be7 12.Bb2 Nbd7 13.Nb5 a6 14.Nd4 Nb6 15.Bb3 Bd7
16.Rc1 Na4 17.Ba1 a5 18.Bxa4 Bxa4 19.bxa5 Bxa3 20.Rb1 Rxa5 21.Rxb7 e5 22.Ndf5
Bb5 23.f3 Bb4+ 24.Kf2 Ra2+ 25.Ne2 Bxe2 26.Kg3 Nd5 27.Rc1 Ba6 28.Ra7 Bf8
29.Bxe5 g6 30.Nd4 Nxe3 31.Nc6 Re8 32.Rc3 Rxg2+ 33.Kh4 Nf5+ 34.Kh3 Bf1 35.Ra1
Rg3# 0-1

[Event "?"]
[Site "masterchessopen.com URS"]
[Round "0"]
[White "Lerner Konstantin Z (UKR)"]
[Black "Osnos Viatcheslav (RUS)"]
[Result "1-0"]
[WhiteElo "2520"]
[BlackElo "2384"]

1.d4 Nf6 2.c4 e6 3.Nc3 Bb4 4.e3 O-O 5.Ne2 d5 6.cxd5 Nxd5 7.Bd2 Nf6 8.Ng3 c5
9.a3 Bxc3 10.bxc3 Nc6 11.f4 b6 12.Be2 Bb7 13.O-O Re8 14.Rb1 Qc7 15.Bb5 Red8
16.Qe2 Ne7 17.Bd3 Qd7 18.f5 e5 19.Nh5 Nxh5 20.Qxh5 f6 21.e4 cxd4 22.Bc4+ Kh8
23.Rf3 Ng8 24.Bxg8 Kxg8 25.Rh3 h6 26.Bxh6 Bxe4 27.Rf1 Qf7 28.Qh4 gxh6 29.Qxh6
Qf8 30.Qh7# 1-0

[Event "It"]
[Site "masterchessopen.com Wijk aan Zee (Netherlands)"]
[Round "0"]
[White "Torre Eugenio (PHI)"]
[Black "Unzicker Wolfgang (GER)"]
[Result "0-1"]
[WhiteElo "2525"]
[BlackElo "2505"]

1.d4 Nf6 2.c4 e6 3.Nc3 Bb4 4.e3 O-O 5.Ne2 d5 6.a3 Be7 7.cxd5 exd5 8.g3 Nbd7
9.Bg2 c6 10.O-O Re8 11.h3 Nf8 12.b4 a6 13.Nf4 Ng6 14.Nxg6 { ? } ( 14.Nd3 )
14...hxg6 15.g4 { ? } ( 15.Rb1 Bd6 16.a4 Bf5 17.Rb3 { # } ) 15...Bd6 16.f3 {
?! } ( { ? } 16.Rb1 ) 16...a5 17.Rb1 axb4 18.axb4 Bc7 19.Qc2 ( 19.e4 { ? }
19...dxe4 20.fxe4 Bb6 { ^20 } ) 19...Qd6 20.Ne2 Bxg4 { ! ??+ } 21.Qc5 (
21.hxg4 Qh2+ 22.Kf2 Qh4+ 23.Kg1 Bh2+ { ??+ } ) ( 21.fxg4 Qh2+ 22.Kf2 Ne4+
23.Kf3 Ng5+ 24.Kf2 Nxh3+ 25.Kf3 Ng5+ 26.Kf2 Qh4+ { ??+ } ) 21...Qh2+ 22.Kf2
Bxh3 23.Rg1 Ra2 24.Rb2 Rxb2 25.Bxb2 Bxg2 26.Rxg2 Qh4+ 0-1

[Event "Ch Hungary"]
[Site "masterchessopen.com Budapest (Hungary)"]
[Round "0"]
[White "Karsa Laszlo (HUN)"]
[Black "Lukacs Peter (HUN)"]
[Result "0-1"]
[WhiteElo "2346"]
[BlackElo "2485"]

1.d4 Nf6 2.c4 e6 3.Nc3 Bb4 4.e3 O-O 5.Ne2 d5 6.a3 Be7 7.Ng3 c5 8.dxc5 Bxc5
9.b4 Bd6 10.Bb2 a5 11.b5 Be5 12.Qc2 Nbd7 13.cxd5 exd5 14.Be2 Nb6 15.Na4 Bxb2
16.Nxb2 Be6 17.O-O Rc8 18.Qd3 Nc4 19.Qc3 d4 20.exd4 Nd5 21.Qc2 Nce3 22.Qd2 Rc2
23.Qd3 Rc3 24.Qd2 Nxf1 25.Bxf1 Qc7 26.Bd3 Qf4 27.Qd1 Rc7 28.Ne2 Qg5 29.Na4 b6
{#R} 0-1

[Event "Bundesliga (2nd) 1981/82"]
[Site "masterchessopen.com Germany"]
[Round "0"]
[White "Boog Frithjof Dr (GER)"]
[Black "Hess Christian (GER)"]
[Result "0-1"]
[WhiteElo "2120"]
[BlackElo "2228"]

1.d4 Nf6 2.c4 e6 3.Nc3 Bb4 4.e3 O-O 5.Ne2 Nc6 6.a3 Be7 7.e4 d5 8.e5 Ne4 9.Nxe4
dxe4 10.Be3 f5 11.Qd2 b6 12.b4 Qd7 13.g3 Bb7 14.Bg2 Nd8 15.Rd1 Nf7 16.Qb2 c6
17.O-O a5 18.Nc3 axb4 19.axb4 Qc8 20.f3 exf3 21.Bxf3 Bg5 22.Bf2 Bh6 23.Rfe1
Ng5 24.Bg2 f4 25.gxf4 Rxf4 26.Rd3 c5 27.Bg3 Rxd4 28.Rxd4 cxd4 29.Nb5 Nf3+
30.Bxf3 Bxf3 31.Nxd4 Bb7 32.Qb3 Qd7 33.Bf2 Rf8 34.c5 Rxf2 35.Nxe6 Rg2+ 36.Kf1
Qf7+ {#R} 0-1

[Event "Olympiad"]
[Site "masterchessopen.com Lucerne (Switzerland)"]
[Round "8"]
[White "Bauza Alejandro (URU)"]
[Black "Liao Yuan Eu (DOM)"]
[Result "0-1"]
[WhiteElo "2205"]
[BlackElo "2425"]

1.d4 Nf6 2.c4 e6 3.Nc3 Bb4 4.e3 O-O 5.Ne2 d5 6.a3 Be7 7.Nf4 dxc4 8.Bxc4 c5
9.d5 e5 10.Nh5 Ne8 11.e4 Nd6 12.Be2 Nd7 13.O-O c4 14.f4 exf4 15.Bxf4 f6 16.Be3
Ne5 17.Nf4 f5 18.Ne6 Bxe6 19.dxe6 Nxe4 20.Nd5 Nf6 21.Nxf6+ Rxf6 22.Bd4 Qc7
23.Kh1 Rh6 24.h3 Rd8 25.Rxf5 Nc6 26.Bc3 Rxd1+ 27.Rxd1 Bf6 28.Bxc4 Kf8 29.Rd7
Qg3 30.Rd3 Qh4 31.b3 Ke8 32.Bd2 Be5 33.Bd5 Bb8 34.Rdf3 Rf6 {#R} 0-1

[Event "Olympiad"]
[Site "masterchessopen.com Lucerne (Switzerland)"]
[Round "0"]
[White "Groszpeter Attila (HUN)"]
[Black "Bronstein Luis (ARG)"]
[Result "0-1"]
[WhiteElo "2480"]
[BlackElo "2349"]

1.d4 Nf6 2.c4 e6 3.Nc3 Bb4 4.e3 O-O 5.Ne2 d5 6.a3 Be7 7.cxd5 exd5 8.g3 Bg4
9.Bg2 Qd7 10.h3 Bxe2 11.Qxe2 c6 12.O-O Na6 13.b4 Nc7 14.Rb1 Nb5 15.Qd3 Nxc3
16.Qxc3 Ne4 17.Bxe4 dxe4 18.Qc2 Qd5 19.Qe2 a6 20.Bb2 Bd6 21.Rbc1 Rae8 22.Kg2
Re6 23.Rce1 Rg6 24.Rh1 Re8 25.h4 h5 26.Rh3 Ree6 27.f4 exf3+ 28.Qxf3 Re4 29.Bc1
Rf6 {#R} 0-1

[Event "Olympiad"]
[Site "masterchessopen.com Lucerne (Switzerland)"]
[Round "0"]
[White "Partos Charles (SUI)"]
[Black "Groszpeter Attila (HUN)"]
[Result "0-1"]
[WhiteElo "2345"]
[BlackElo "2480"]

1.d4 Nf6 2.c4 e6 3.Nc3 Bb4 4.e3 O-O 5.Ne2 d5 6.a3 Be7 7.cxd5 exd5 8.g3 c6
9.Bg2 a5 10.O-O Na6 11.Nf4 Nc7 12.Rb1 Bf5 13.Nd3 b5 14.f3 b4 15.axb4 axb4
16.Ne2 h6 17.g4 Bh7 18.Ng3 Qc8 19.Bh3 Ne6 20.f4 Re8 21.Nf5 Bf8 22.Bd2 Qb7
23.Rc1 Qb5 24.Nf2 c5 25.dxc5 Bxf5 26.gxf5 Nxc5 27.Re1 Nce4 28.Nxe4 Nxe4 29.Re2
Bc5 30.Be1 d4 31.exd4 Bxd4+ 32.Kh1 Qxe2 33.Qxd4 Rad8 34.Qxb4 Qe3 {#R} 0-1

[Event "Ch Baltic Republics"]
[Site "masterchessopen.com Parnu (Estonia)"]
[Round "0"]
[White "Piesina Gintautas (LTU)"]
[Black "Ivanov Alexander (USA)"]
[Result "1-0"]
[WhiteElo "2325"]
[BlackElo "2523"]

1.d4 Nf6 2.c4 e6 3.Nc3 Bb4 4.e3 O-O 5.Ne2 d5 6.cxd5 exd5 7.g3 b6 8.Bg2 Ba6
9.Bd2 c5 10.Nf4 cxd4 11.Ncxd5 Bxd2+ 12.Qxd2 Nc6 13.O-O-O Nxd5 14.Bxd5 Rc8
15.Kb1 g5 16.Nh5 Qd6 17.e4 Qg6 18.g4 Rfd8 19.f4 gxf4 20.Nxf4 Qd6 21.Qf2 Kh8
22.g5 Qe5 23.Rhe1 Nb4 24.Bxf7 Nc2 25.Qh4 Kg7 26.Be6 Nxe1 27.Qh6+ {#r} 1-0

[Event "Ch Brazil"]
[Site "masterchessopen.com Brasilia (Brazil)"]
[Round "2"]
[White "Padua Antonio (BRA)"]
[Black "Milos Gilberto (BRA)"]
[Result "0-1"]
[WhiteElo "2230"]
[BlackElo "2597"]

1.d4 Nf6 2.c4 e6 3.Nc3 Bb4 4.e3 O-O 5.Ne2 d5 6.a3 Be7 7.cxd5 exd5 8.Nf4 c6
9.Bd3 Nbd7 10.g4 Re8 11.g5 Ne4 12.h4 Bd6 13.Qf3 f5 14.O-O Nf8 15.Nce2 h6
16.Bxe4 fxe4 17.Qh5 hxg5 18.hxg5 Re7 19.g6 Qd7 20.f3 exf3 21.Qxf3 Qg4+ 22.Kf2
Qh4+ 23.Qg3 Nxg6 24.Qxh4 Nxh4 25.Rh1 g5 26.Bd2 Rg7 27.Nh5 Rf7+ 28.Nef4 Be7
29.Rag1 Kh7 30.Ke2 gxf4 31.Be1 f3+ 32.Kd1 Ng2 33.Bg3 Kg8 34.Be5 Rh7 {#R} 0-1

[Event "Ch World (team) (under 26)"]
[Site "masterchessopen.com Chicago (USA)"]
[Round "0"]
[White "Yrjola Jouni (FIN)"]
[Black "Gobet Fernand (SUI)"]
[Result "1-0"]
[WhiteElo "2310"]
[BlackElo "2415"]

1.d4 Nf6 2.c4 e6 3.Nc3 Bb4 4.e3 O-O 5.Ne2 d5 6.a3 Be7 7.cxd5 exd5 8.g3 c6
9.Bg2 a5 10.O-O Na6 11.h3 Nc7 12.g4 Bd6 13.f4 b5 14.Ng3 b4 15.axb4 axb4
16.Rxa8 Nxa8 17.Nce2 Nb6 18.b3 c5 19.g5 Ne8 20.dxc5 Bxc5 21.Nd4 Nd6 22.Bb2 Re8
23.Re1 Bd7 24.Kh2 Qb8 25.Nh5 Bxd4 26.Qxd4 Nf5 27.Qxb4 f6 28.Bxf6 Qc7 29.Qc3
Qxc3 30.Bxc3 Rxe3 31.Rxe3 Nxe3 32.Bf3 Nf5 33.Ba5 Nh4 34.Kh1 {#r} 1-0

[Event "It"]
[Site "masterchessopen.com Hastings (England)"]
[Round "0"]
[White "Henley Ron W (USA)"]
[Black "Farago Ivan (HUN)"]
[Result "1-0"]
[WhiteElo "2525"]
[BlackElo "2495"]

1.d4 Nf6 2.c4 e6 3.Nc3 Bb4 4.e3 O-O 5.Ne2 d5 6.a3 Be7 7.cxd5 exd5 8.g3 c6
9.Bg2 a5 10.O-O Na6 11.h3 Nc7 12.g4 Nfe8 13.Ng3 Nd6 14.f4 f5 15.b3 Nce8 16.Ra2
Nf6 17.Bf3 Nde4 18.Ncxe4 dxe4 19.Bh1 Nd5 20.Rg2 Kh8 21.gxf5 Bxf5 22.Rh2 Qd7
23.Bxe4 Bxe4 24.Nxe4 Rfe8 25.Qf3 Bf6 26.Nf2 Nc3 27.Bd2 Bxd4 28.Ng4 Nb5 29.exd4
Nxd4 30.Qd1 Rad8 31.Bxa5 {#r} 1-0

[Event "Ch Scotland"]
[Site "masterchessopen.com St. Andrews (Scotland)"]
[Round "3"]
[White "Giulian Philip M (SCO)"]
[Black "Muir Andrew J (SCO)"]
[Result "1-0"]
[WhiteElo "2294"]
[BlackElo "2311"]

1.d4 Nf6 2.c4 e6 3.Nc3 Bb4 4.e3 O-O 5.Ne2 d5 6.a3 Be7 7.cxd5 exd5 8.g3 c6
9.Bg2 Bf5 10.O-O Re8 11.f3 Bf8 12.g4 Bg6 13.Nf4 Nfd7 14.e4 Nb6 15.Kh1 Na6
16.e5 Nc7 17.Nxg6 hxg6 18.f4 a5 19.b3 c5 20.dxc5 Bxc5 21.Bb2 Qh4 22.Qf3 Ne6
23.Nb5 Rad8 24.Rac1 a4 25.Nc7 Nxc7 26.Rxc5 Qe7 27.Rfc1 Rd7 28.f5 axb3 29.e6
fxe6 30.fxg6 Nc4 31.Qh3 Qg5 32.Qh7+ Kf8 33.Bxg7+ Ke7 34.Be5+ Kd8 35.Bxc7+ Kc8
36.Bf4+ {#r} 1-0

[Event "Ch Ukraine"]
[Site "masterchessopen.com Kiev (Ukraine)"]
[Round "0"]
[White "Gurevich Mikhail (TUR)"]
[Black "Gofshtein Zvulon (ISR)"]
[Result "1-0"]
[WhiteElo "2420"]
[BlackElo "2504"]

1.d4 Nf6 2.c4 e6 3.Nc3 Bb4 4.e3 O-O 5.Ne2 Re8 6.a3 Bf8 7.d5 e5 8.Ng3 c6 9.Be2
d6 10.e4 a5 11.Be3 Na6 12.O-O Bd7 13.f4 cxd5 14.exd5 exf4 15.Bxf4 Qb6+ 16.Kh1
Qxb2 17.Qd4 Nc5 18.Ra2 Qb6 19.Bg5 Re5 20.Bxf6 gxf6 21.Nce4 f5 22.Rb2 Qc7
23.Nf6+ Kh8 24.Qh4 h6 25.Ngh5 f4 26.Bg4 Qd8 27.Qh3 Bc8 28.Rbf2 Ne4 29.Rxf4 Ng5
30.Qd3 Bxg4 31.Rxg4 {#r} 1-0

[Event "?"]
[Site "masterchessopen.com Zurich (Switzerland)"]
[Round "0"]
[White "Karl Hans (SUI)"]
[Black "Herzog Adolf (AUT)"]
[Result "0-1"]
[WhiteElo "2360"]
[BlackElo "2455"]

1.d4 Nf6 2.c4 e6 3.Nc3 Bb4 4.e3 O-O 5.Ne2 d5 6.a3 Be7 7.Ng3 c5 8.cxd5 Nxd5
9.Bd3 Nc6 10.O-O cxd4 11.exd4 Nxd4 12.Bxh7+ Kxh7 13.Qxd4 Kg8 14.Nce4 Bd7 15.b4
Bb5 16.Bb2 Nf6 17.Qxd8 Rfxd8 18.Nxf6+ gxf6 19.Rfd1 f5 20.Nh5 Kh7 21.Nf4 Bd6
22.Nh3 Kg6 23.f4 f6 24.Re1 Kf7 25.g3 Bc7 26.Rad1 Bb6+ 27.Nf2 Rac8 28.Rxd8 Rxd8
29.Bc1 Rd3 30.Kg2 Bc6+ 31.Kg1 Rc3 32.Rf1 Rc2 {#R} 0-1

[Event "It (cat.8)"]
[Site "masterchessopen.com Albena (Bulgaria)"]
[Round "0"]
[White "Spassov Liuben (BUL)"]
[Black "Farago Ivan (HUN)"]
[Result "1-0"]
[WhiteElo "2415"]
[BlackElo "2510"]

1.d4 Nf6 2.c4 e6 3.Nc3 Bb4 4.e3 O-O 5.Ne2 d5 6.a3 Be7 7.cxd5 exd5 8.b4 c6
9.Ng3 Re8 10.Bd3 Bd6 11.O-O Nbd7 12.Ra2 Nf8 13.Nf5 Bc7 14.f3 {#r} 1-0

[Event "It (cat.9)"]
[Site "masterchessopen.com Dresden (Germany)"]
[Round "5"]
[White "Boensch Uwe (GER)"]
[Black "Smagin Sergey (RUS)"]
[Result "1-0"]
[WhiteElo "2460"]
[BlackElo "2485"]

1.d4 Nf6 2.c4 e6 3.Nc3 Bb4 4.e3 O-O 5.Ne2 d5 6.cxd5 exd5 7.g3 Bg4 8.Bg2 Qd7
9.O-O c6 10.f3 Bh3 11.Bxh3 Qxh3 12.Qb3 Bxc3 13.bxc3 Qd7 14.c4 b6 15.Nf4 Re8
16.Re1 Qb7 17.Bb2 Nbd7 18.Rac1 Rac8 19.Re2 b5 20.c5 g5 21.Ng2 g4 22.e4 gxf3
23.Qxf3 Nxe4 24.Nh4 Nf8 25.Nf5 f6 26.Rf1 Rcd8 27.Rxe4 dxe4 28.Nh6+ Kh8
29.Qxf6+ Qg7 30.d5 {#r} 1-0

[Event "It (open)"]
[Site "masterchessopen.com Kecskemet (Hungary)"]
[Round "3"]
[White "Kas-Fromm Rita Dr (GER)"]
[Black "Horvath Jozsef_ (HUN)"]
[Result "0-1"]
[WhiteElo "2200"]
[BlackElo "2465"]

1.d4 Nf6 2.c4 e6 3.Nc3 Bb4 4.e3 O-O 5.Ne2 d5 6.a3 Be7 7.cxd5 exd5 8.g3 c6
9.Bg2 Re8 10.O-O Nbd7 11.b4 Nb6 12.f3 a5 13.Rb1 axb4 14.axb4 h6 15.e4 dxe4
16.fxe4 Bg4 17.h3 Be6 18.b5 Bc4 19.bxc6 bxc6 20.Be3 Nfd7 21.Ra1 Bb4 22.Rf2 Qe7
23.Kh2 Rxa1 24.Qxa1 Ra8 25.Qc1 Ra3 26.e5 c5 27.Ne4 Nd5 28.Bxh6 Bxe2 29.Nf6+
N5xf6 30.exf6 gxf6 31.Qf4 Bh5 32.Bc6 cxd4 33.Bxd7 Bd6 34.Qxf6 Bxg3+ 35.Kg2
Qe4+ {#R} 0-1

[Event "Ch Commonwealth"]
[Site "masterchessopen.com London (England)"]
[Date "1985.02.19"]
[Round "4"]
[White "Johansen Darryl K (AUS)"]
[Black "Hon Kah Seng Christie (MAS)"]
[Result "1-0"]
[WhiteElo "2408"]
[BlackElo "2236"]

1.d4 Nf6 2.c4 e6 3.Nc3 Bb4 4.e3 O-O 5.Ne2 d5 6.a3 Be7 7.cxd5 exd5 8.g3 a5
9.Bg2 c6 10.O-O Bf5 11.h3 Re8 12.g4 Bg6 13.f4 Be4 14.g5 Bxg2 15.gxf6 Bxf1
16.fxe7 Qxe7 17.Qxf1 Nd7 18.Bd2 a4 19.Ng3 Nb6 20.Re1 Nc4 21.Bc1 Qf6 22.Kh2 b5
23.Qf2 Rad8 24.Na2 Rd6 25.Nb4 Rde6 26.Nd3 g6 27.Re2 Qe7 28.Nc5 Rd6 29.e4 dxe4
30.Ncxe4 Rdd8 31.f5 {#r} 1-0

[Event "It (open)"]
[Site "masterchessopen.com Adelaide (Australia)"]
[Round "0"]
[White "Garcia Gonzales Guillermo (CUB)"]
[Black "Djuric Petar (SRB)"]
[Result "0-1"]
[WhiteElo "2500"]
[BlackElo "2236"]

1.d4 Nf6 2.c4 e6 3.Nc3 Bb4 4.e3 O-O 5.Ne2 d5 6.a3 Be7 7.cxd5 exd5 8.h3 Nbd7
9.g4 Nb6 10.Bg2 a5 11.Ng3 a4 12.f4 Ne8 13.O-O Bh4 14.Kh2 Ra6 15.Qf3 Bd7
16.Nxd5 Bc6 17.e4 Bxg3+ 18.Kxg3 f5 19.Nc3 fxe4 20.Nxe4 Nd6 21.d5 Bxd5 22.Qe3
Bxe4 23.Bxe4 Re8 24.Rd1 Rxe4 25.Qf3 Qe7 26.f5 Ra5 27.b4 Rae5 {#R} 0-1

[Event "?"]
[Site "masterchessopen.com Forth Worth (USA)"]
[Round "0"]
[White "Gurevich Dmitry (USA)"]
[Black "Dzindzichashvili Roman (USA)"]
[Result "0-1"]
[WhiteElo "2505"]
[BlackElo "2550"]

1.d4 Nf6 2.c4 e6 3.Nc3 Bb4 4.e3 O-O 5.Ne2 d5 6.a3 Bd6 7.c5 Be7 8.b4 Nbd7 9.g3
e5 10.Bg2 e4 11.f3 exf3 12.Bxf3 c6 13.O-O Re8 14.Nf4 Nf8 15.Ra2 Ne6 16.Nxe6
Bxe6 17.g4 Ne4 18.Bxe4 dxe4 19.Rg2 Bc4 20.Rf4 a5 21.Nxe4 axb4 22.axb4 Ra1
23.h4 Bxh4 24.Qc2 Bd5 25.Nd6 Rxe3 26.Kh2 Bg3+ {#R} 0-1

[Event "It (open)"]
[Site "masterchessopen.com Genoa (Italy)"]
[Round "0"]
[White "Sorm Daniel (CZE)"]
[Black "Tatai Stefano (ITA)"]
[Result "1-0"]
[WhiteElo "2317"]
[BlackElo "2420"]

1.d4 Nf6 2.c4 e6 3.Nc3 Bb4 4.e3 O-O 5.Ne2 d5 6.a3 Be7 7.cxd5 exd5 8.b4 c6
9.Ng3 Re8 10.Bd3 Nbd7 11.O-O Bf8 12.Qc2 a5 13.Rb1 axb4 14.axb4 Nb6 15.Nce2 Bd7
16.f3 h6 17.e4 dxe4 18.fxe4 Be6 19.Nf5 Ra2 20.Rb2 Rxb2 21.Bxb2 Nbd7 22.Bc3 Qb6
23.Kh1 Bxf5 24.Rxf5 Bxb4 25.Bb2 Bf8 26.Rf1 Qa5 27.Ng3 Qd8 28.Qf2 Qe7 29.e5 Nh7
30.Bc4 Ng5 31.Bc1 {#r} 1-0

[Event "Ch Cuba"]
[Site "masterchessopen.com Habana (Cuba)"]
[Round "0"]
[White "Gurevich Mikhail (TUR)"]
[Black "Lebredo Gerardo (CUB)"]
[Result "1-0"]
[WhiteElo "2540"]
[BlackElo "2240"]

1.d4 Nf6 2.c4 e6 3.Nc3 Bb4 4.e3 O-O 5.Ne2 d5 6.cxd5 exd5 7.g3 Re8 8.Bg2 a5
9.O-O c6 10.f3 h6 11.e4 c5 12.a3 Bxc3 13.Nxc3 cxd4 14.Qxd4 Nc6 15.Qc5 dxe4
16.fxe4 Nd7 17.Qf2 Nde5 18.Rd1 Bd7 19.h3 Ne7 20.Bf4 N7g6 21.Rac1 Ra6 22.Bf1
Rc6 23.Rd4 Qc8 24.Kh2 h5 25.Bg2 h4 26.Bg5 hxg3+ 27.Qxg3 Nf8 28.Rd5 Nfg6
29.Rcd1 f6 30.Bc1 b6 31.Rxd7 Nxd7 32.Qxg6 {#r} 1-0

[Event "Ch Netherlands (team)"]
[Site "masterchessopen.com Netherlands"]
[Round "0"]
[White "Vanheste Jeroen (NED)"]
[Black "Ligterink Gert (NED)"]
[Result "0-1"]
[WhiteElo "2403"]
[BlackElo "2470"]

1.d4 Nf6 2.c4 e6 3.Nc3 Bb4 4.e3 O-O 5.Ne2 d5 6.a3 Be7 7.cxd5 exd5 8.g3 Re8
9.Bg2 c6 10.O-O Na6 11.b3 Nc7 12.Nf4 Bd6 13.Nd3 Bf5 14.f3 h5 15.Re1 Ne6 16.Bb2
h4 17.g4 Bxd3 18.Qxd3 Bc7 19.h3 Qd6 20.f4 g5 21.f5 Nxg4 22.hxg4 h3 23.Re2 Qh2+
24.Kf1 hxg2+ 25.Rxg2 Qh1+ 26.Kf2 Qh4+ 27.Kg1 Nf4 28.exf4 Bxf4 29.Ne2 Be3+
30.Kf1 Qh1+ 31.Ng1 Re4 32.Rg3 Bxg1 33.Rxg1 Rf4+ {#R} 0-1

[Event "?"]
[Site "masterchessopen.com Novosibirsk (Russia)"]
[Round "0"]
[White "Bareev Evgeny (RUS)"]
[Black "Timoscenko Gennadij (SVK)"]
[Result "1-0"]
[WhiteElo "2470"]
[BlackElo "2475"]

1.d4 Nf6 2.c4 e6 3.Nc3 Bb4 4.e3 O-O 5.Ne2 Re8 6.a3 Bf8 7.e4 d6 8.f3 a6 9.Ng3
c5 10.d5 exd5 11.cxd5 b5 12.Be2 Nbd7 13.O-O Rb8 14.Be3 c4 15.Qc2 Ne5 16.Bd4
Ng6 17.f4 Nd7 18.Qd2 Qc7 19.Qe3 Bb7 20.Rad1 Qd8 21.Nf5 Rc8 22.Rfe1 Nc5 23.Bf1
Rc7 24.g4 Bc8 25.Qf3 Nh4 26.Qg3 Nxf5 27.gxf5 Qd7 28.Bh3 Qd8 29.e5 Nd3 30.exd6
Rd7 31.Bxg7 Bxg7 32.f6 Qb6+ 33.Kh1 {#r} 1-0

[Event "Ch Great Britain"]
[Site "masterchessopen.com Southampton (England)"]
[Round "1"]
[White "Ward Christopher (ENG)"]
[Black "Chandler Murray G (ENG)"]
[Result "0-1"]
[WhiteElo "2448"]
[BlackElo "2565"]

1.d4 Nf6 2.c4 e6 3.Nc3 Bb4 4.e3 O-O 5.Ne2 d5 6.a3 Be7 7.cxd5 exd5 8.g3 Bg4
9.Bg2 Qd7 10.O-O c6 11.f3 Bh3 12.Nf4 Bxg2 13.Kxg2 Na6 14.b4 Nc7 15.Rb1 Nb5
16.Qb3 h5 17.h4 Nxc3 18.Qxc3 Bd6 19.Ne2 Rfe8 20.Bd2 Qe7 21.Kf2 Nd7 22.Rh1 Nb6
23.Rbg1 Nc4 24.g4 a5 25.b5 cxb5 26.gxh5 Kh8 27.Rg5 b4 28.Qd3 bxa3 29.Nc3 Nxd2
30.Qxd2 Bb4 31.Qd3 Bxc3 32.Qxc3 Rac8 33.Qd3 a2 34.h6 gxh6 35.Rxd5 a1=Q 36.Rxa1
Qxh4+ {#R} 0-1

[Event "Ch Norway"]
[Site "masterchessopen.com Steinkjer (Norway)"]
[Round "0"]
[White "Grotnes Nils (NOR)"]
[Black "Agdestein Simen (NOR)"]
[Result "0-1"]
[WhiteElo "2193"]
[BlackElo "2545"]

1.d4 Nf6 2.c4 e6 3.Nc3 Bb4 4.e3 O-O 5.Ne2 d5 6.a3 Bd6 7.c5 Be7 8.b4 c6 9.Ng3
b6 10.Bb2 Ba6 11.Bxa6 Nxa6 12.Qe2 Nc7 13.Na4 bxc5 14.Nxc5 Nb5 15.Nb7 Qc8
16.Na5 Bd8 17.Nb3 Nd7 18.e4 a5 19.O-O axb4 20.axb4 Rxa1 21.Rxa1 dxe4 22.Nxe4
Be7 23.Nc3 Nxc3 24.Bxc3 Nb6 25.b5 cxb5 26.Qxb5 Qxc3 {#R} 0-1

[Event "Ch Iceland"]
[Site "masterchessopen.com Akureyri (Iceland)"]
[Round "3"]
[White "Arnason Throstur (ISL)"]
[Black "Petursson Margeir (ISL)"]
[Result "0-1"]
[WhiteElo "2280"]
[BlackElo "2535"]

1.d4 Nf6 2.c4 e6 3.Nc3 Bb4 4.e3 O-O 5.Ne2 d5 6.a3 Be7 7.Ng3 Re8 8.cxd5 exd5
9.Bd3 c6 10.O-O Bd6 11.Re1 Ng4 12.e4 Qh4 13.e5 Qxh2+ 14.Kf1 Bf8 15.Nce2 g6
16.f3 Nxe5 17.dxe5 Bc5 18.Qc2 Bh3 19.Nf4 Qg1+ 20.Ke2 Rxe5+ 21.Ne4 dxe4 22.Bxe4
Qf2+ 23.Kd1 Qxc2+ 24.Kxc2 Bf5 25.Nd3 Bxe4 26.fxe4 Rh5 27.Bf4 Bf8 28.Rad1 Nd7
29.e5 Nb6 30.Nf2 Rf5 31.Nh3 Nd5 32.Rxd5 cxd5 33.g4 Rxf4 34.Nxf4 Rd8 35.Rd1 d4
{#R} 0-1

[Event "Bundesliga 1987/88 (2nd)"]
[Site "masterchessopen.com Germany"]
[Round "0"]
[White "Konikowski Jerzy (GER)"]
[Black "Schlaugat Michael (GER)"]
[Result "1-0"]
[WhiteElo "2325"]
[BlackElo "2230"]

1.d4 Nf6 2.c4 e6 3.Nc3 Bb4 4.e3 O-O 5.Ne2 d5 6.a3 Be7 7.cxd5 exd5 8.g3 c6
9.Bg2 Bg4 10.f3 Bf5 11.O-O Qd7 12.Nf4 Na6 13.g4 g5 14.Nfxd5 Nxd5 15.gxf5 Qxf5
16.e4 Nxc3 17.bxc3 Qg6 18.f4 gxf4 19.Rxf4 Kh8 20.Qf3 f6 21.Kh1 Rg8 22.Be3 Rg7
23.Bh3 Nc7 24.Rg1 Qf7 25.Rxg7 Qxg7 26.Bf5 {#r} 1-0

[Event "?"]
[Site "masterchessopen.com Kecskemet (Hungary)"]
[Round "0"]
[White "Zueger Beat (SUI)"]
[Black "Groszpeter Attila (HUN)"]
[Result "0-1"]
[WhiteElo "2405"]
[BlackElo "2521"]

1.d4 Nf6 2.c4 e6 3.Nc3 Bb4 4.e3 O-O 5.Ne2 d5 6.a3 Be7 7.cxd5 exd5 8.h3 c6 9.g4
Ne8 10.Nf4 Bh4 11.Bg2 Nd6 12.O-O b6 13.b3 a5 14.Ra2 Ra7 15.Nd3 Ba6 16.a4 Re8
17.Re1 Nd7 18.Ba3 Ne4 19.Nxe4 dxe4 20.Nf4 Nf6 21.Rc2 Rc7 22.Qd2 Nd5 23.Nxd5
cxd5 24.Rec1 Rxc2 25.Qxc2 Qf6 26.Qd2 h5 27.gxh5 Re6 28.Rc7 Qf5 29.b4 axb4
30.Bxb4 Qxh5 31.Qc2 Rg6 32.Rc6 Bd3 33.Qc1 Rxg2+ {#R} 0-1

[Event "It (open)"]
[Site "masterchessopen.com Nuernberg (Germany)"]
[Round "6"]
[White "Sarosi Zoltan (HUN)"]
[Black "Steinbacher Matthias Dr (GER)"]
[Result "0-1"]
[WhiteElo "2297"]
[BlackElo "2228"]

1.d4 Nf6 2.c4 e6 3.Nc3 Bb4 4.e3 O-O 5.Ne2 Re8 6.a3 Bf8 7.d5 a6 8.Ng3 b5 9.dxe6
Rxe6 10.cxb5 axb5 11.Bxb5 d5 12.O-O Nbd7 13.Nxd5 Nxd5 14.Qxd5 c6 15.Bxc6 Ra5
16.e4 Rxd5 17.exd5 Rg6 18.b4 Ne5 19.b5 h5 20.Re1 Nd3 21.Re2 Nxc1 22.Rxc1 Qg5
23.Rce1 h4 24.Re8 hxg3 25.Rxf8+ Kh7 26.hxg3 Qd2 27.Rf1 Bf5 28.b6 Be4 29.b7
Rxg3 30.Rh8+ Kg6 31.Rh2 Rb3 32.Rh3 Rxh3 33.b8=Q Qg5 {#R} 0-1

[Event "Cup Arnold"]
[Site "masterchessopen.com Gausdal (Norway)"]
[Round "0"]
[White "Grotnes Nils (NOR)"]
[Black "Riemersma Liafbern (NED)"]
[Result "1-0"]
[WhiteElo "2193"]
[BlackElo "2380"]

1.d4 Nf6 2.c4 e6 3.Nc3 Bb4 4.e3 O-O 5.Ne2 Re8 6.a3 Bf8 7.e4 d5 8.e5 Nfd7 9.c5
f6 10.f4 b6 11.b4 bxc5 12.bxc5 g5 13.g3 gxf4 14.gxf4 Ba6 15.Qa4 fxe5 16.Rg1+
Kh8 17.fxe5 Qh4+ 18.Rg3 Qxh2 19.Rh3 {#r} 1-0